El estado

Enregistré dans:
Détails bibliographiques
Auteurs principaux: Hall, John A (Auteur), Ikenberry, G. John (Auteur)
Format: Livre
Langue:espagnol
Publié: Madrid Alianza 1993
Édition:1a. ed
Collection:El Libro de Bolsillo, 1603
Sujets:
Tags: Ajouter un tag
Pas de tags, Soyez le premier à ajouter un tag!

MARC

LEADER 00000cam a2200000 a 4500
001 UCX9108
003 CL-VaPUC
008 940516e19930000SP |||||||||||||||||spa|d
020 |a 8420606030 
082 0 4 |a 320.1  |b HAL  |2 21 
100 |a Hall, John A  |e author  |9 463475 
700 0 |a Ikenberry, G. John  |e author  |9 326414 
245 1 3 |a El estado 
250 |a 1a. ed 
300 |a 191 p 
942 |c BK 
945 |d 19940516 00:00:00  |a aalvarez 
260 |a Madrid  |b Alianza  |c 1993 
650 0 |a Estado  |9 255503 
583 |a last modification  |c 20160704 11:41:03  |k Rodrigo Vera 
490 0 |a El Libro de Bolsillo, 1603 
999 |c 228436  |d 228434 
952 |0 0  |1 0  |4 0  |6 320_100000000000000_HAL_1993  |7 0  |8 DER_TF  |9 228476  |a BIBDER  |b BIBDER  |d 2019-11-15  |i 298069K  |o 320.1 HAL 1993  |p 298069K  |r 2023-01-25  |w 2019-11-15  |x Ubicación 4to Piso  |y BK  |z Estos recursos deben solicitarse con anticipación  |k DER 
952 |0 0  |1 0  |3 erb  |4 0  |6 320_100000000000000_HAL_1993  |7 0  |8 A  |9 228477  |a FDOHBE  |b FDOHBE  |e Huesbe Llanos, Marco Antonio, 1934-  |i 5330718  |o 320.1 HAL 1993  |p 5330718  |r 2024-01-30  |w 2019-11-15  |y BK  |z Catalogado en:20160708  |k HBE